| 000 | 01142cam a2200313 a 4500 | ||
|---|---|---|---|
| 999 |
_c8182 _d8182 |
||
| 001 | 17178414 | ||
| 003 | GBCCL | ||
| 005 | 20241126110645.0 | ||
| 008 | 120223s2012 ilu bd 001 0 eng | ||
| 010 | _a 2012005240 | ||
| 020 | _a9780830817849 (USA hardcover : alk. paper) | ||
| 020 | _a9781844745814 (UK hardcover : alk. paper) | ||
| 040 |
_aDLC _cDLC _dDLC |
||
| 042 | _apcc | ||
| 050 | 0 | 0 |
_aBS1505.55 _b.D53 2012 |
| 082 | 0 | 0 |
_a224.03 _223 _bDIC |
| 245 | 0 | 0 |
_aDictionary of the Old Testament : _bprophets / _ceditors, Mark J. Boda, J. Gordon McConville. |
| 260 |
_aDowners Grove, Ill. : _bIVP Academic, _cc2012. |
||
| 300 |
_axxvi, 966 p. ; _c26 cm. |
||
| 504 | _aIncludes bibliographical references and indexes. | ||
| 630 | 0 | 0 |
_aBible. _pProphets _vDictionaries. _914244 |
| 630 | 0 | 0 |
_aBible. _pOld Testament _vDictionaries. _914245 |
| 650 | 0 |
_aProphets _vDictionaries. _914246 |
|
| 700 | 1 |
_aBoda, Mark J. _914247 |
|
| 700 | 1 |
_aMcConville, J. G. _q(J. Gordon) _914248 |
|
| 906 |
_a7 _bcbc _corignew _d1 _eecip _f20 _gy-gencatlg |
||
| 942 |
_2ddc _cREF |
||